000 01107nam a22002177a 4500
003 NALT
005 20240724233228.0
008 s2547 th tha d
040 _aNALT
041 _atha
050 _aPN1991.67.C65
_bช526ก 2547
100 0 _aชาลิสา มากแผ่นทอง
245 1 0 _aการวิจัยเพื่อสรุปบทเรียน :
_bกระบวนการเตรียมกลุ่มวิทยุชุมชนจังหวัดปัตตานี/
_cชาลิสา มากแผ่นทอง.
260 _aกรุงเทพฯ :
_bสำนักงานกองทุนสนับสนุนการวิจัย,
_c2547
300 _a337 หน้า :
_bภาพประกอบ, แผนภูมิ, ตาราง ;
_c29 ซม.
650 0 4 _aวิทยุชุมชน
650 0 4 _aวิทยุชุมชน -- ปัตตานี -- วิจัย
850 _aNALT
942 _cRSH
_2lcc
999 _c44646
_d44646
998 _j109
_k อารีรัตน์ วิชาช่าง